00461nam a2200193 a 4500001001300000003000900013005001700022008004100039020001000080082001600090100001900106245002600125260002800151300000800179500003500187505001000222650001600232700001900248nice12345678IN_TiNIC20260116011647.0050524s1970 dela grp 000 0 eng  ac10000a297.93bCOB aCobb, Stanwood aTomorrow and Tomorrow aDelhibBahri Pub.c1970 a82p aincludes index and biblioraphy2 aIndex aBahai Faith1 aCobb, Stanwood